Geography Quiz

Random Geography or World Quiz

Lost for Words: Landmarks Quiz Stats

 Plays Quiz Updated Oct 16, 2018

Score 0/20 Timer 04:00
0 Plays Today
Question Answer Wrong Answers
Golden Gate Bridge USA
94.9%
New Zealand
1.9%
UAE
1.2%
Sydney Opera House Australia
94%
Iceland
2.4%
Canada
1.6%
Leaning Tower of Pisa Italy
92.6%
Austria
1.1%
Hungary
4.3%
Christ the Redeemer Brazil
91%
Netherlands
1.8%
Bolivia
5.1%
Parthenon Greece
91%
Netherlands
2.6%
Italy
4.3%
Arc de Triomphe France
87.7%
Belgium
6.7%
Spain
3.5%
Great Wall China
87%
North Korea
1.7%
Vietnam
9.2%
Mount Fuji Japan
86.7%
China
4.8%
South Korea
6.4%
Brandenburg Gate Germany
84.2%
Italy
8.2%
Greece
5.5%
Taj Mahal India
82.8%
Thailand
1.8%
Iran
13.3%
Cliffs of Dover UK
81.7%
Israel
3%
Sweden
13.2%
St Basil's Cathedral Russia
81.3%
Iraq
10.6%
Romania
6%
Chichen Itza Mexico
80.5%
Argentina
9.3%
Uruguay
8.1%
Hagia Sophia Turkey
76.4%
Seychelles
7%
India
14.4%
Sphinx Egypt
72.9%
Tunisia
4.5%
Algeria
20.7%
Table Mountain South Africa
72.8%
Kenya
13.8%
Venezuela
11.1%
Machu Picchu Peru
62.1%
Portugal
13.2%
Argentina
22.5%
Little Mermaid Denmark
60.7%
Estonia
5.8%
Norway
31.5%
Petra Jordan
58.8%
Morocco
14.5%
Pakistan
24.7%
Wat Phra Kaew Thailand
39.7%
Bhutan
41.6%
Kyrgyzstan
16.5%

You're not logged in!

Compare scores with friends on all Sporcle quizzes.
OR
Log In

Sporcle TV

Today on Sporcle TV


Watch our educational content, quiz creation guides, and fun videos on Sporcle TV.

Show Comments

Extras

Top Quizzes Today


Score Distribution

Your Account Isn't Verified!

In order to create a playlist on Sporcle, you need to verify the email address you used during registration. Go to your Sporcle Settings to finish the process.

Report this User

Report this user for behavior that violates our Community Guidelines.

Details: